The magic ring (Record no. 186056)

MARC details
000 -LÍDER
campo de controle de tamanho fixo 00320 a2200157 4500
001 - NÚMERO DE CONTROLE
campo de controle 186056
020 ## - ISBN - INTERNATIONAL STANDARD BOOK NUMBER
ISBN - International Standard Book Number 85-85722-18-5
040 ## - FONTE DA CATALOGAÇÃO
Instituição que transcreveu o registro Magnum
100 ## - ENTRADA PRINCIPAL--NOME PESSOAL
Nome pessoal Loader, Mandy
240 10 - TÍTULO UNIFORME
Título uniforme The magic ring
Idioma da obra ING
245 10 - TÍTULO
Título The magic ring
300 ## - DESCRIÇÃO FÍSICA
Extensão 14
362 0# - DATAS DE PUBLICAÇÃO E/OU DESIGNAÇÃO SEQUENCIAL
Datas de publicação e/ou designação sequencial 1997
697 ## - ENTRADA DE ASSUNTO LOCAL--ENTIDADE COLETIVA (RLIN)
Nome corporativo ou nome da jurisdição LITERATURA INGLESA
942 ## - ELEMENTOS DE ENTRADA ADICIONADOS (KOHA)
Tipo de material Koha Livros
Holdings
Situação do descarte Situação das perdas Situação física Não pode ser emprestado Biblioteca de origem Biblioteca atual Data de aquisição Total de empréstimos Número de chamada completo Código de barras Data de último acesso Data do preço efetivo Tipo de material Koha
        Magnum Magnum 08/06/2024   890.1.52 MAG00051972 08/06/2024 08/06/2024 Livros
        Magnum Magnum 08/06/2024   890.1.52 MAG00051973 08/06/2024 08/06/2024 Livros
        Magnum Magnum 08/06/2024   890.1.52 MAG00051974 08/06/2024 08/06/2024 Livros
        Magnum Magnum 08/06/2024   890.1.52 MAG00051975 08/06/2024 08/06/2024 Livros